Olimpo (Registo nº 4463)

Detalhes MARC
000 -Etiqueta do registo
Valores 00670cam a2200217 04500
010 ## - Número ISBN
ISBN 9727101232
021 ## - Número do Depósito Legal
Número 93166/95
100 ## - Dados gerais de processamento
Dados gerais 19960109d1995 m y0pory5003 ba
200 1# - Titulo e menção de responsabilidade
Título próprio Olimpo
Informação de outro título diário duma deusa adolescente
Primeira menção de responsabilidade Teresa Buongiorno
Outras menções de responsabilidade il. Grazia Nidasio
-- trad. Sílvia Matos e Lemos
210 #9 - Publicação
Local de publicação Lisboa
Nome do editor Terramar,
Data de publicação D.L. 1995
215 ## - Descrição física 
Paginação / Volumes 194 p.
Outras indicações físicas il.
Dimensões 21 cm
225 2# - Colecção 
Título próprio da colecção Fénix
Indicação de volume 1
304 ## - Nota relativa ao título
Texto de nota Tit. orig.: Olympos : diario di una dea adolescente
675 ## - CDU
Notação 821.131.1-31"19"
Edição BN
Língua por
700 #1 - Autor principal (pessoa individual)
Apelido Buongiorno,
Nome Teresa
702 #1 - Autor secundário (pessoa individual)
Apelido Nidasio,
Nome Grazia
702 #1 - Autor secundário (pessoa individual)
Apelido Lemos,
Nome Sílvia Matos e
801 #0 - Fonte de origem
País PT
Agência BMVN
Regras de catalogação RPC
990 ## - Elementos KOHA
Tipo de documento Livro
Exemplares
Situação do levantamento Biblioteca de origem Código de barras Cota Permissão de empréstimo Forma de aquisição
  Biblioteca Escola Secundária de Vendas Novas 200000001733 LJ EST/BUO    

Powered by Koha